00525nam a2200193Ii 450000100060000000300090000600800410001502000150005604000330007104100080010408200200011210000240013224500330015626400490018930000120023833600260025033700280027633800270030418571CO-ViMGA241108s9999||||xx |||||||||||||| ||und|| a9589235433 aCO-ViMGAbspaerdacCO-ViMGA0 aspa04a398.209861 S34m1 aFabio Silva Vallejo10aMitos y leyendas de Colombia 1aBogotá, Colombia : Editorial Esquilo, 1998 avolumen atextbtxt2rdacontent aunmediatedbn2rdamedia avolumebnc2rdacarrier